[Event "Titled Tue 26th Aug Late"]
[Site "chess.com INT"]
[Date "2025.08.26"]
[Round "2"]
[White "Msellek, Ilyass"]
[Black "Naroditsky, Daniel"]
[Result "0-1"]
[WhiteTitle "IM"]
[BlackTitle "GM"]
[WhiteElo "2406"]
[BlackElo "2619"]
[WhiteFideId "675938"]
[BlackFideId "2026961"]
[EventDate "2025.08.26"]

1. e4 c5 2. Nf3 Nf6 3. e5 Nd5 4. Nc3 e6 5. Nxd5 exd5 6. d4 Nc6 7. Bd3 d6 8. exd6
c4 9. Be2 Bxd6 10. O-O O-O 11. b3 cxb3 12. axb3 Re8 13. h3 Bf5 14. c3 Qf6 15.
Be3 h6 16. Bd3 Be4 17. Bxe4 Rxe4 18. Nd2 Re7 19. Qf3 Qe6 20. Rfe1 Rae8 21. Nf1
Qd7 22. Ng3 Bxg3 23. Qxg3 Re6 24. Qg4 a6 25. h4 Qc8 26. Qf3 Re4 27. h5 b5 28.
Qg3 R8e6 29. Kf1 Ne7 30. Bf4 Nf5 31. Qf3 b4 32. Be5 Qxc3 33. Qxf5 Qd3+ 34. Re2
Qxe2+ 35. Kg1 Qd3 36. Rf1 Rxd4 37. Qxd3 Rxd3 38. f4 Rxb3 39. Rc1 Re8 0-1

[Event "Titled Tue 26th Aug Late"]
[Site "chess.com INT"]
[Date "2025.08.26"]
[Round "2"]
[White "Arabidze, Meri"]
[Black "Erigaisi, Arjun"]
[Result "0-1"]
[WhiteTitle "IM"]
[BlackTitle "GM"]
[WhiteElo "2444"]
[BlackElo "2776"]
[WhiteFideId "13604040"]
[BlackFideId "35009192"]
[EventDate "2025.08.26"]

1. d4 e6 2. Nf3 c5 3. c4 cxd4 4. Nxd4 a6 5. g3 Qc7 6. Bg2 Qxc4 7. O-O Nc6 8. Be3
Nf6 9. Na3 Qb4 10. Rc1 Nxd4 11. Bxd4 d5 12. Bc3 Qb6 13. Qa4+ Bd7 14. Qf4 Be7 15.
Bd4 Qd8 16. Be5 O-O 17. Bc7 Qe8 18. Rfd1 Bc6 19. Nc2 Rc8 20. Nd4 Ba4 21. b3 Bd7
22. Be5 h6 23. h4 Qd8 24. Bc7 Qe8 25. Be5 Rxc1 26. Rxc1 Qd8 27. Bc7 Qa8 28. Bd6
Bxd6 29. Qxd6 Rc8 30. Rc5 Rxc5 31. Qxc5 Qc8 32. Qxc8+ Bxc8 33. b4 Kf8 34. Kf1
Ke7 35. Ke1 Kd6 36. Kd2 e5 37. Nb3 b6 38. Kc3 d4+ 39. Kb2 Be6 40. Nd2 Bd5 41.
Bh3 e4 42. Bc8 a5 43. bxa5 bxa5 44. Nb3 Bxb3 45. Kxb3 Kc5 46. Ka4 d3 47. exd3
exd3 48. Kb3 Kd4 49. Ba6 Ne4 0-1

[Event "Titled Tue 26th Aug Late"]
[Site "chess.com INT"]
[Date "2025.08.26"]
[Round "2"]
[White "Atanasov, Anthony"]
[Black "Khanbutaev, Artemii"]
[Result "1-0"]
[WhiteTitle "IM"]
[WhiteElo "2411"]
[BlackElo "2145"]
[WhiteFideId "2623897"]
[BlackFideId "55747175"]
[EventDate "2025.08.26"]

1. d4 Nf6 2. Bf4 d5 3. e3 c5 4. Nf3 Qb6 5. Nc3 c4 6. a3 Qxb2 7. Na4 Qb5 8. Nc3
Qa5 9. Qd2 Nc6 10. Ne5 e6 11. f3 Bb4 12. axb4 Qxa1+ 13. Kf2 O-O 14. b5 Ne7 15.
g4 Ng6 16. h4 Nxf4 17. exf4 Nd7 18. h5 f6 19. Ng6 hxg6 20. hxg6 Re8 21. Kg3 Nf8
22. Qh2 Nxg6 23. Qh7+ Kf7 24. Bd3 Qxh1 25. Bxg6+ Ke7 26. Qxh1 Rg8 27. Qa1 Bd7
28. Qa3+ Kd8 29. Qd6 Rh8 30. Nxd5 exd5 31. Bf5 1-0

[Event "Titled Tue 26th Aug Late"]
[Site "chess.com INT"]
[Date "2025.08.26"]
[Round "2"]
[White "Matlak, Oleksandr"]
[Black "Abramor, Franco"]
[Result "1/2-1/2"]
[WhiteElo "2235"]
[BlackElo "2151"]
[WhiteFideId "148061879"]
[BlackFideId "181633"]
[EventDate "2025.08.26"]

1. c4 Nf6 2. Nf3 g6 3. Nc3 Bg7 4. g3 O-O 5. Bg2 d6 6. O-O c5 7. d4 cxd4 8. Nxd4
a6 9. b3 Qc7 10. Bb2 Bd7 11. Rc1 Nc6 12. Nd5 Qd8 13. Nxc6 Bxc6 14. Nxf6+ Bxf6
15. Bxf6 exf6 16. Bd5 Re8 17. e3 Qa5 18. Bxc6 bxc6 19. Qxd6 Qxa2 20. Qxc6 Qxb3
21. Qxf6 a5 22. c5 Re6 23. Qc3 Qb7 24. Rb1 Qc7 25. Rfc1 Rc6 26. Rb5 a4 27. Qa3
h5 28. Rc4 Rca6 29. Rcb4 Rd8 30. Rb1 Qc6 31. Rb7 Ra5 32. Rb8 Ra8 33. R8b6 Qf3
34. Rd6 Rdb8 35. Rdb6 Rd8 36. Rd6 Rdb8 37. Rdb6 Rd8 1/2-1/2

[Event "Titled Tue 26th Aug Late"]
[Site "chess.com INT"]
[Date "2025.08.26"]
[Round "2"]
[White "Kona, Vidip"]
[Black "Chahin Godoy, Angel Eduardo"]
[Result "1-0"]
[BlackTitle "CM"]
[WhiteElo "2145"]
[BlackElo "2002"]
[WhiteFideId "30990440"]
[BlackFideId "8404925"]
[EventDate "2025.08.26"]

1. Nf3 d5 2. c4 d4 3. e3 c5 4. exd4 cxd4 5. d3 Nc6 6. g3 g6 7. Bg2 Bg7 8. O-O
Nf6 9. b4 Nxb4 10. Qa4+ Nc6 11. Ne5 O-O 12. Nxc6 bxc6 13. Qxc6 Rb8 14. Qa4 Bf5
15. Rd1 Qc7 16. Na3 Nd7 17. Nb5 Nc5 18. Qa3 Qb6 19. Bf4 e5 20. Bd2 Nxd3 21. Ba5
Qa6 22. g4 Bxg4 23. Rxd3 Be2 24. Rb3 Bxc4 25. Nc7 Qf6 26. Rxb8 Rxb8 27. Nd5 Qg5
28. Ne7+ Kh8 29. Qd6 Re8 30. Nc6 e4 31. Qd7 Rf8 32. Bd8 Qf4 33. Bc7 Qg5 34. Bd6
Rg8 35. Ne7 1-0

[Event "Titled Tue 26th Aug Late"]
[Site "chess.com INT"]
[Date "2025.08.26"]
[Round "2"]
[White "Simiyu Jadon"]
[Black "Esquivel Golcher, Luis Enrique"]
[Result "0-1"]
[WhiteTitle "FM"]
[BlackTitle "FM"]
[WhiteElo "2132"]
[BlackElo "2044"]
[WhiteFideId "10824014"]
[BlackFideId "6600174"]
[EventDate "2025.08.26"]

1. Nf3 Nf6 2. g3 g6 3. Bg2 Bg7 4. O-O O-O 5. d4 d6 6. c4 c6 7. Nc3 Na6 8. e4 Nc7
9. Re1 Bg4 10. h3 Bxf3 11. Qxf3 e5 12. dxe5 dxe5 13. Be3 Ne6 14. Rad1 Qc7 15. g4
Rad8 16. Ne2 h5 17. g5 Nd7 18. Qg3 Ndc5 19. Nc1 Qe7 20. h4 Nf4 21. Bxf4 exf4 22.
Qa3 b6 23. Nb3 Rxd1 24. Rxd1 Rd8 25. Rxd8+ Qxd8 26. Nxc5 Qd1+ 27. Kh2 bxc5 28.
Qxc5 f3 29. Bh3 Bxb2 30. Qe7 Qd2 31. Qe8+ Kg7 32. Kg3 Bd4 0-1

[Event "Titled Tue 26th Aug Late"]
[Site "chess.com INT"]
[Date "2025.08.26"]
[Round "2"]
[White "Motola, Jacopo"]
[Black "Tsvetkov, Andrey"]
[Result "0-1"]
[WhiteTitle "FM"]
[BlackTitle "IM"]
[WhiteElo "2333"]
[BlackElo "2403"]
[WhiteFideId "863190"]
[BlackFideId "34139360"]
[EventDate "2025.08.26"]

1. b3 d5 2. Bb2 Bg4 3. g3 c6 4. Bg2 Nd7 5. Nf3 e6 6. O-O Ngf6 7. d3 Bd6 8. Nbd2
O-O 9. c4 Qe7 10. Rc1 Ba3 11. Qc2 a5 12. h3 Bh5 13. Rfe1 a4 14. e4 dxe4 15. dxe4
e5 16. Bxa3 Qxa3 17. Qc3 Rfe8 18. b4 Qxc3 19. Rxc3 Nf8 20. c5 Bg6 21. a3 Rad8
22. Bf1 Ne6 23. Bc4 Nd4 24. Bd3 Re7 25. Nxd4 Rxd4 26. Nf3 Rd8 27. Bc2 Ne8 28.
Bxa4 Nc7 29. Bc2 f6 30. Bb3+ Bf7 31. Bxf7+ Kxf7 32. a4 Red7 33. Rb3 Rd3 34. Reb1
Na6 35. Kg2 g5 36. g4 Kg6 37. Ng1 Rxb3 38. Rxb3 Rd4 39. Kf3 Rxb4 40. Rxb4 Nxb4
41. Ne2 Nd3 42. Nc3 Nxc5 43. Ke3 Kf7 0-1

[Event "Titled Tue 26th Aug Late"]
[Site "chess.com INT"]
[Date "2025.08.26"]
[Round "2"]
[White "Mayans Calvo, Mariano"]
[Black "Paduano, Claudio"]
[Result "0-1"]
[WhiteTitle "CM"]
[BlackTitle "FM"]
[WhiteElo "2101"]
[BlackElo "2280"]
[WhiteFideId "2251426"]
[BlackFideId "2806393"]
[EventDate "2025.08.26"]

1. e4 c5 2. Nf3 Nc6 3. Bb5 e6 4. O-O Nge7 5. Re1 a6 6. Bf1 d5 7. exd5 Nxd5 8. d4
Nf6 9. c3 cxd4 10. cxd4 Be7 11. Nc3 O-O 12. h3 b5 13. Bg5 Bb7 14. Rc1 Rc8 15. a3
h6 16. Be3 Bd6 17. Qd2 Ne7 18. Ne5 Nf5 19. Bd3 Nxe3 20. Qxe3 b4 21. axb4 Bxb4
22. Red1 Nd5 23. Qe4 f5 24. Qe1 Nf4 25. Bf1 Qg5 26. g3 Rfd8 27. Kh2 Nd5 28. Bc4
f4 29. Ne4 Bxe1 30. Nxg5 Bxf2 31. Nxe6 fxg3+ 32. Kg2 Ne3# 0-1

[Event "Titled Tue 26th Aug Late"]
[Site "chess.com INT"]
[Date "2025.08.26"]
[Round "2"]
[White "Murawski, Jan"]
[Black "Popov, Tikhon"]
[Result "0-1"]
[WhiteTitle "CM"]
[BlackTitle "FM"]
[WhiteElo "2189"]
[BlackElo "2335"]
[WhiteFideId "21009287"]
[BlackFideId "24252026"]
[EventDate "2025.08.26"]

1. c4 Nf6 2. Nc3 g6 3. d4 Bg7 4. e4 d6 5. Be2 O-O 6. Bg5 c5 7. d5 h6 8. Be3 e6
9. Qd2 exd5 10. exd5 Kh7 11. h4 h5 12. Nf3 Kg8 13. Bg5 Qb6 14. O-O Bg4 15. Rac1
Nbd7 16. b3 Rfe8 17. Rfe1 Ne4 18. Nxe4 Rxe4 19. Bd1 Rae8 20. Rxe4 Rxe4 21. Nh2
Bxd1 22. Rxd1 Qa6 23. Nf3 b5 24. Re1 Rxe1+ 25. Qxe1 bxc4 26. bxc4 Qxc4 27. Qe8+
Nf8 28. Qa8 Qxa2 29. Be7 c4 30. Bxf8 Bxf8 31. Qc6 Qb1+ 32. Kh2 Qe4 33. Kg1 a5
34. Qd7 c3 35. Ng5 Qe7 36. Qc6 Qe1+ 37. Kh2 Qxf2 0-1

[Event "Titled Tue 26th Aug Late"]
[Site "chess.com INT"]
[Date "2025.08.26"]
[Round "2"]
[White "Alazmi, Amani"]
[Black "Garcia Cuenca, Victor"]
[Result "0-1"]
[WhiteTitle "WCM"]
[BlackTitle "FM"]
[WhiteElo "1745"]
[BlackElo "2293"]
[WhiteFideId "10303553"]
[BlackFideId "2250829"]
[EventDate "2025.08.26"]

1. c4 b6 2. Nc3 Bb7 3. e4 e6 4. d3 Ne7 5. Nf3 d5 6. cxd5 exd5 7. e5 d4 8. Nb5
Nf5 9. e6 fxe6 10. Ne5 a6 11. Qh5+ g6 12. Nxg6 hxg6 13. Qxh8 axb5 14. Qg8 Qf6
15. Bd2 Nd7 16. h4 O-O-O 17. Qh7 Bb4 18. Bxb4 Rh8 19. Qxh8+ Qxh8 20. Be2 Bxg2
21. Rh2 Bd5 22. O-O-O Qe5 23. f4 Qxf4+ 24. Rd2 Qxh2 25. Kc2 c5 26. Bg4 Qg3 27.
Bxf5 gxf5 28. Ba3 b4 29. Bxb4 cxb4 30. b3 Nc5 0-1

[Event "Titled Tue 26th Aug Late"]
[Site "chess.com INT"]
[Date "2025.08.26"]
[Round "2"]
[White "Babiarz, Arkadiusz"]
[Black "Ciocan, Maria-Alexandra"]
[Result "1-0"]
[WhiteTitle "CM"]
[BlackTitle "WCM"]
[WhiteElo "2172"]
[BlackElo "1998"]
[WhiteFideId "21804362"]
[BlackFideId "1227130"]
[EventDate "2025.08.26"]

1. d4 Nf6 2. Nc3 d5 3. Bf4 a6 4. f3 c5 5. dxc5 e6 6. e4 d4 7. Na4 Qa5+ 8. c3
dxc3 9. Nxc3 Bxc5 10. Nh3 O-O 11. Be2 Rd8 12. Qc2 Nh5 13. Bg5 f6 14. Bd2 Qc7 15.
O-O-O e5 16. Kb1 Nc6 17. Nd5 Qf7 18. Qxc5 Be6 19. Bc4 Rac8 20. Qa3 g6 21. g4 b5
22. Bb3 Ng7 23. Qxa6 Nd4 24. Qa3 Ra8 25. Qb4 Nxb3 26. Qxb3 Bxd5 27. exd5 Rxd5
28. Bc3 Rad8 29. Rxd5 Rxd5 30. Rd1 Rxd1+ 31. Qxd1 Ne6 32. Nf2 1-0

[Event "Titled Tue 26th Aug Late"]
[Site "chess.com INT"]
[Date "2025.08.26"]
[Round "2"]
[White "Rizzo, Tobias"]
[Black "Dylag, Emilia"]
[Result "1-0"]
[BlackTitle "WFM"]
[WhiteElo "1955"]
[BlackElo "2078"]
[WhiteFideId "30942691"]
[BlackFideId "21805172"]
[EventDate "2025.08.26"]

1. Nf3 Nf6 2. g3 e6 3. Bg2 d5 4. O-O Be7 5. b3 O-O 6. Bb2 c5 7. d3 Nc6 8. Nbd2
b6 9. e4 Bb7 10. e5 Nd7 11. Qe2 Qc7 12. Rae1 Rae8 13. h4 f6 14. Bh3 Nd8 15. a4
d4 16. exf6 Bxf6 17. Bg2 e5 18. Bc1 Nf7 19. Nc4 Nd6 20. Nxd6 Qxd6 21. Ng5 Bxg2
22. Kxg2 Bxg5 23. Bxg5 h6 24. Bd2 Nf6 25. Qf3 e4 26. dxe4 Nxe4 27. Qd3 Qd5 28.
f3 Nf6 29. Qg6 Rxe1 30. Rxe1 c4 31. Bxh6 Ne8 32. Bf4 Qd7 33. bxc4 Nf6 34. Be5
Qxa4 35. Bxf6 Rxf6 36. Re8+ Rf8 37. Qe6+ Kh7 38. Qe4+ 1-0

[Event "Titled Tue 26th Aug Late"]
[Site "chess.com INT"]
[Date "2025.08.26"]
[Round "2"]
[White "Grot, Blazej"]
[Black "Tang, Andrew"]
[Result "0-1"]
[WhiteTitle "CM"]
[BlackTitle "GM"]
[WhiteElo "2207"]
[BlackElo "2538"]
[WhiteFideId "21835845"]
[BlackFideId "2059630"]
[EventDate "2025.08.26"]

1. e4 e5 2. Nf3 Nc6 3. Bb5 g6 4. O-O Bg7 5. c3 a6 6. Ba4 b5 7. Bc2 d6 8. h3 Nf6
9. d4 O-O 10. Nbd2 Re8 11. Re1 Bb7 12. a3 Nb8 13. dxe5 dxe5 14. Qe2 Nbd7 15. Nb3
a5 16. Rd1 a4 17. Nc5 Bc6 18. Nxd7 Nxd7 19. c4 Rb8 20. cxb5 Bxb5 21. Bd3 Bxd3
22. Rxd3 Qe7 23. Be3 Nf8 24. Rc1 Ne6 25. Qc2 Ra8 26. Rd5 Red8 27. Nxe5 Rxd5 28.
Nc6 Qd7 29. exd5 Nf8 30. Nb4 Be5 31. Bd2 Bd6 32. Bc3 Qe7 33. Re1 Qg5 34. Qd3 Nd7
35. Qd4 f6 36. Nc6 Nb6 37. Rd1 Kf7 38. Bb4 Qf4 39. Bxd6 Qxd6 40. Nb4 Re8 41. Rc1
Re5 42. Qc5 Re1+ 43. Rxe1 Qxc5 0-1

[Event "Titled Tue 26th Aug Late"]
[Site "chess.com INT"]
[Date "2025.08.26"]
[Round "2"]
[White "Palczert, Matyas"]
[Black "Maghsoodloo, Parham"]
[Result "0-1"]
[WhiteTitle "FM"]
[BlackTitle "GM"]
[WhiteElo "2427"]
[BlackElo "2695"]
[WhiteFideId "784958"]
[BlackFideId "12539929"]
[EventDate "2025.08.26"]

1. b3 Nf6 2. Bb2 g6 3. Nf3 c5 4. c4 Bg7 5. g3 Nc6 6. Bg2 h5 7. O-O d6 8. d4 cxd4
9. Nxd4 Bd7 10. Nc3 h4 11. Nf3 hxg3 12. hxg3 Qc8 13. Ng5 Rh5 14. f4 Ng4 15. Na4
Bxb2 16. Nxb2 Nb4 17. Ne4 Bc6 18. Nd3 Ne3 19. Qd2 Nxg2 20. Nxd6+ exd6 21. Nxb4
Be4 22. Qxd6 Ne3 23. Nd5 Bxd5 24. cxd5 Qg4 25. Rf3 Nf5 26. Qe5+ Kf8 27. Rc3 Nxg3
28. d6 Ne4+ 29. Kf1 Rh1# 0-1

[Event "Titled Tue 26th Aug Late"]
[Site "chess.com INT"]
[Date "2025.08.26"]
[Round "2"]
[White "Brkic, Ante"]
[Black "Bonin, Jay"]
[Result "1-0"]
[WhiteTitle "GM"]
[BlackTitle "IM"]
[WhiteElo "2594"]
[BlackElo "2077"]
[WhiteFideId "14506688"]
[BlackFideId "2000644"]
[EventDate "2025.08.26"]

1. e4 e5 2. Nf3 Nc6 3. Bc4 f5 4. d4 exd4 5. e5 d5 6. Bb5 Bb4+ 7. Bd2 Bxd2+ 8.
Nbxd2 Ne7 9. Nxd4 O-O 10. Bxc6 bxc6 11. O-O f4 12. N2b3 Rb8 13. Re1 Qe8 14. e6
Qg6 15. f3 c5 16. Nxc5 Rxb2 17. Qd2 Nf5 18. e7 Re8 19. Nxf5 Qxf5 20. Nd3 Rb7 21.
Re5 Qf7 22. Nc5 Rb5 23. Qd4 Rxe7 24. Rae1 Rxe5 25. Rxe5 c6 26. Nd3 Bf5 27. Nxf4
Bxc2 28. Qe3 h6 29. Re7 Qf6 30. Nh5 Qa1+ 31. Kf2 1-0

[Event "Titled Tue 26th Aug Late"]
[Site "chess.com INT"]
[Date "2025.08.26"]
[Round "2"]
[White "Silva Hernandez, Jesus Arturo"]
[Black "Kocharin, Timur"]
[Result "0-1"]
[WhiteTitle "CM"]
[BlackTitle "FM"]
[WhiteElo "1953"]
[BlackElo "2310"]
[WhiteFideId "5121000"]
[BlackFideId "16240936"]
[EventDate "2025.08.26"]

1. d4 Nf6 2. Bf4 c5 3. e3 d5 4. c3 Nc6 5. Nd2 Bf5 6. Qb3 Qb6 7. dxc5 Qxb3 8.
axb3 e5 9. Bg3 Bxc5 10. b4 Bd6 11. Ngf3 Nh5 12. b5 Nxg3 13. hxg3 Ne7 14. Be2 f6
15. O-O Kf7 16. Nb3 Be6 17. Na5 b6 18. Nc6 Nxc6 19. bxc6 Rhc8 20. Ba6 Rc7 21.
Bb7 Rb8 22. Rxa7 Bc8 23. Rd1 e4 24. Nd4 Bxb7 25. cxb7 Rcxb7 26. Rxb7+ Rxb7 27.
Nb5 Ke6 28. c4 Be5 29. cxd5+ Kd7 30. b3 Rb8 31. Rc1 Ra8 32. f4 exf3 33. gxf3
Bxg3 34. f4 Rc8 35. Rxc8 Kxc8 36. Kg2 Be1 37. Kf3 Kd7 38. e4 Bb4 39. e5 fxe5 40.
fxe5 h5 41. Kf4 Bd2+ 42. Kf3 g5 43. Nd4 g4+ 44. Kg3 Be1+ 45. Kg2 h4 46. Nf5 h3+
47. Kh2 Bc3 48. e6+ Ke8 49. d6 Be5+ 50. Kh1 g3 51. d7+ Kd8 52. b4 g2+ 53. Kg1
Bf4 54. b5 Be5 55. Kf2 Bh2 56. Nh6 g1=Q+ 57. Ke2 Qg2+ 58. Kd1 Qd5+ 59. Kc2 Qxe6 0-1

[Event "Titled Tue 26th Aug Late"]
[Site "chess.com INT"]
[Date "2025.08.26"]
[Round "2"]
[White "Leitgeb, Julian"]
[Black "Petersson, Kjell"]
[Result "1-0"]
[WhiteTitle "FM"]
[BlackTitle "CM"]
[WhiteElo "2311"]
[BlackElo "2078"]
[WhiteFideId "1663771"]
[BlackFideId "1705148"]
[EventDate "2025.08.26"]

1. Nf3 f5 2. d3 Nc6 3. e4 e5 4. Nc3 Bb4 5. a3 Bxc3+ 6. bxc3 fxe4 7. dxe4 Nf6 8.
Bg5 O-O 9. Bc4+ Kh8 10. Qe2 d6 11. h3 Qe8 12. g4 Be6 13. Bd3 Qf7 14. Nd2 a6 15.
a4 b5 16. axb5 axb5 17. Rxa8 Rxa8 18. O-O b4 19. f4 bxc3 20. Nf3 exf4 21. e5
dxe5 22. Nxe5 Nxe5 23. Qxe5 h6 24. Bxf6 Qxf6 25. Qxf6 gxf6 26. Rxf4 Kg7 27. Re4
Bd5 28. Re7+ Kf8 29. Rxc7 Ra1+ 30. Kf2 Rh1 31. Kg3 Rg1+ 32. Kf4 Rf1+ 33. Ke3
Re1+ 34. Kd4 Rh1 35. Kxd5 Rxh3 36. Ke6 Rf3 37. Bf5 Kg8 38. Kxf6 1-0

[Event "Titled Tue 26th Aug Late"]
[Site "chess.com INT"]
[Date "2025.08.26"]
[Round "2"]
[White "Vachier-Lagrave, Maxime"]
[Black "Rosen, Eric"]
[Result "1-0"]
[WhiteTitle "GM"]
[BlackTitle "IM"]
[WhiteElo "2736"]
[BlackElo "2377"]
[WhiteFideId "623539"]
[BlackFideId "2032562"]
[EventDate "2025.08.26"]

1. d4 d5 2. Nf3 Nf6 3. Bf4 c5 4. e3 Nc6 5. c3 Qb6 6. Qc1 Bf5 7. Nbd2 e6 8. Be2
h6 9. h3 Rc8 10. O-O Be7 11. a3 c4 12. Bd1 O-O 13. Bc2 Qd8 14. Re1 b5 15. Ne5
Nxe5 16. dxe5 Ne4 17. Nxe4 Bxe4 18. Rd1 Bxc2 19. Qxc2 Qc7 20. e4 dxe4 21. Qxe4
Rfd8 22. Be3 a6 23. g4 Rxd1+ 24. Rxd1 Rd8 25. Rxd8+ Qxd8 26. Kg2 Qd5 27. Qxd5
exd5 28. f4 Kf8 29. Kf3 Ke8 30. f5 Kd7 31. Kg3 g5 32. fxg6 fxg6 33. Bxh6 Ke6 34.
Bg7 Bg5 35. h4 Bc1 36. h5 gxh5 37. gxh5 Bxb2 38. h6 Kf7 39. e6+ Kxe6 40. h7 Bxa3
41. h8=Q b4 42. Qe8+ Kf5 43. Qf7+ Ke4 44. Qf3# 1-0

[Event "Titled Tue 26th Aug Late"]
[Site "chess.com INT"]
[Date "2025.08.26"]
[Round "2"]
[White "Mekhitarian, Krikor Sevag"]
[Black "Goldin, Roman"]
[Result "1-0"]
[WhiteTitle "GM"]
[BlackTitle "FM"]
[WhiteElo "2549"]
[BlackElo "2284"]
[WhiteFideId "2107660"]
[BlackFideId "2803860"]
[EventDate "2025.08.26"]

1. Nf3 Nf6 2. c4 Nc6 3. d4 e6 4. a3 d5 5. Nc3 g6 6. Bf4 Bg7 7. e3 O-O 8. Be2 Nh5
9. Bg5 f6 10. Bh4 g5 11. Bg3 Nxg3 12. hxg3 Ne7 13. cxd5 exd5 14. Bd3 h6 15. Qc2
f5 16. Ne5 c5 17. O-O-O Be6 18. Kb1 Rc8 19. f4 g4 20. Rh5 c4 21. Be2 a6 22. Rdh1
b5 23. Rxh6 Bxh6 24. Rxh6 Qd6 25. Bxg4 Kg7 26. Rh4 Rh8 27. Bf3 b4 28. axb4 Qxb4
29. Qa4 Rb8 30. Qxb4 Rxb4 31. Rxh8 Kxh8 32. Kc1 Kg7 33. g4 a5 34. gxf5 Nxf5 35.
Bxd5 Bxd5 36. Nxd5 Rb5 37. Nc3 Rb4 38. Nd1 1-0

[Event "Titled Tue 26th Aug Late"]
[Site "chess.com INT"]
[Date "2025.08.26"]
[Round "2"]
[White "Kleibel, Uwe"]
[Black "Bulgak, Damir"]
[Result "0-1"]
[WhiteTitle "FM"]
[BlackTitle "CM"]
[WhiteElo "2301"]
[BlackElo "2254"]
[WhiteFideId "1270982"]
[BlackFideId "13528882"]
[EventDate "2025.08.26"]

1. e4 c5 2. Nf3 d6 3. d4 cxd4 4. Qxd4 Nc6 5. Qe3 Nf6 6. h3 Bd7 7. Be2 Rc8 8. O-O
e6 9. Rd1 Qc7 10. c4 Be7 11. Nc3 O-O 12. b3 a6 13. Bb2 Rfd8 14. Rac1 Ne5 15.
Nxe5 dxe5 16. Qg3 Bc5 17. Bf3 Bc6 18. Na4 Bxa4 19. Bxe5 Qe7 20. bxa4 h6 21. Bf4
Kh8 22. e5 Nh7 23. h4 Nf8 24. Be4 Bd4 25. Bd3 Qc5 26. Qf3 Ng6 27. Bxg6 fxg6 28.
Qxb7 Bxf2+ 29. Kh2 Rf8 30. Qe4 Rf5 31. g4 Rf7 32. Rf1 Rcf8 33. Bd2 Bg3+ 34. Kxg3
Rxf1 35. Rxf1 Rxf1 36. Be3 Qf8 37. h5 gxh5 38. gxh5 Qf5 0-1

[Event "Titled Tue 26th Aug Late"]
[Site "chess.com INT"]
[Date "2025.08.26"]
[Round "2"]
[White "Gavilan Diaz, Mario"]
[Black "Hariharan, Shambavi"]
[Result "1-0"]
[WhiteTitle "FM"]
[BlackTitle "WCM"]
[WhiteElo "2195"]
[BlackElo "2069"]
[WhiteFideId "2260905"]
[BlackFideId "488160"]
[EventDate "2025.08.26"]

1. d4 d5 2. c4 e6 3. Nc3 Nf6 4. cxd5 exd5 5. Bg5 Bb4 6. e3 O-O 7. Bd3 c5 8. Ne2
h6 9. Bh4 c4 10. Bc2 Be6 11. O-O Be7 12. f3 Nfd7 13. Bf2 f5 14. Nf4 Bf7 15.
Nfxd5 Bg6 16. Qe2 Nc6 17. Qxc4 Kh8 18. Qe2 Re8 19. e4 fxe4 20. fxe4 Bg5 21. Be3
Nb6 22. Nxb6 Nxd4 23. Bxd4 Qxd4+ 24. Kh1 Qxb6 25. Bd3 Rad8 26. Qf3 Qd4 27. Rad1
Qe5 28. Bc2 Kh7 29. Qf2 b6 30. h4 Bf6 31. Nd5 Bxe4 32. Bxe4+ Qxe4 33. Nxf6+ gxf6
34. Qxf6 Rxd1 35. Rxd1 Re7 36. Rf1 b5 37. h5 Re5 38. Qf7+ 1-0

[Event "Titled Tue 26th Aug Late"]
[Site "chess.com INT"]
[Date "2025.08.26"]
[Round "2"]
[White "Kurpiewski, Slawomir"]
[Black "Tang, Zoey"]
[Result "1/2-1/2"]
[WhiteTitle "CM"]
[BlackTitle "FM"]
[WhiteElo "1973"]
[BlackElo "2381"]
[WhiteFideId "1114530"]
[BlackFideId "30952530"]
[EventDate "2025.08.26"]

1. f4 d5 2. Nf3 c5 3. g3 Nc6 4. Bg2 g6 5. c3 Bg7 6. d3 e6 7. O-O Nge7 8. e4 O-O
9. Qe2 b5 10. e5 Bb7 11. Be3 d4 12. cxd4 cxd4 13. Bf2 Rc8 14. Nbd2 Nd5 15. Nb3
Ne3 16. Bxe3 dxe3 17. Qxe3 a5 18. d4 Ba8 19. Rac1 a4 20. Nc5 Nb4 21. a3 Nd5 22.
Qf2 Nb6 23. Rfd1 Qe7 24. Ng5 Bxg2 25. Qxg2 Nc4 26. Qe2 Nxe5 27. dxe5 Rxc5 28.
Ne4 Rxc1 29. Rxc1 b4 30. Nd6 bxa3 31. bxa3 h5 32. h4 Rb8 33. Kh2 Qa7 34. Rc8+
Rxc8 35. Nxc8 Qc5 36. Nd6 Qxa3 37. Qb5 Qf3 38. Qe8+ Kh7 39. Qxf7 Qf2+ 40. Kh1
Qf1+ 41. Kh2 Qf2+ 42. Kh1 Qf3+ 43. Kh2 Qe2+ 44. Kh1 Qd1+ 45. Kh2 Qc2+ 46. Kh1
Qc6+ 47. Kh2 Qc2+ 48. Kh1 Qd1+ 49. Kh2 Qe2+ 50. Kh1 Qf1+ 51. Kh2 Qf2+ 1/2-1/2

[Event "Titled Tue 26th Aug Late"]
[Site "chess.com INT"]
[Date "2025.08.26"]
[Round "2"]
[White "Dubnevych, Maksym"]
[Black "Przybylski, Wojciech"]
[Result "1-0"]
[WhiteTitle "FM"]
[BlackTitle "FM"]
[WhiteElo "2296"]
[BlackElo "2340"]
[WhiteFideId "14184001"]
[BlackFideId "1117599"]
[EventDate "2025.08.26"]

1. Nc3 Nf6 2. e4 e5 3. d4 exd4 4. Qxd4 Nc6 5. Qd3 Bc5 6. Be2 O-O 7. Bg5 h6 8. h4
Bb4 9. O-O-O Bxc3 10. bxc3 Qe7 11. Bxf6 Qxf6 12. Nf3 d6 13. Qe3 Re8 14. Nd4 d5
15. Bf3 Nxd4 16. Rxd4 c6 17. g4 dxe4 18. Rxe4 Rxe4 19. Qxe4 Be6 20. Qe3 Qe7 21.
Kb2 Qc7 22. g5 Qa5 23. a3 h5 24. g6 Re8 25. Re1 Qb5+ 26. Kc1 Qa4 27. Qd3 Qxa3+
28. Kd2 Qf8 29. Kc1 1-0

[Event "Titled Tue 26th Aug Late"]
[Site "chess.com INT"]
[Date "2025.08.26"]
[Round "2"]
[White "Sindarov, Javokhir"]
[Black "Richter, Paul"]
[Result "1-0"]
[WhiteTitle "GM"]
[WhiteElo "2722"]
[BlackElo "2171"]
[WhiteFideId "14205483"]
[BlackFideId "2046350"]
[EventDate "2025.08.26"]

1. e4 c5 2. Nf3 d6 3. d4 cxd4 4. Nxd4 Nf6 5. Bd3 g6 6. h3 Bg7 7. c4 O-O 8. Nc3
Nc6 9. Be3 Nxd4 10. Bxd4 a6 11. O-O Be6 12. Qd2 Rc8 13. Nd5 Nxd5 14. Bxg7 Kxg7
15. exd5 Bd7 16. a4 Re8 17. Rfd1 Qb6 18. a5 Qd4 19. Qb4 Qa7 20. Bf1 Rc7 21. Ra3
Kg8 22. Re1 Qc5 23. Qd2 e5 24. h4 h5 25. Rg3 Bg4 26. b4 Qa7 27. Rc3 Rec8 28.
Rec1 Bf5 29. c5 dxc5 30. d6 Rc6 31. bxc5 Bd7 32. Qd5 e4 33. Qd4 Be6 34. g3 e3
35. Qxe3 Rd8 36. Bg2 Rcc8 37. Be4 Re8 38. Qg5 Bd7 39. Bd5 Kg7 40. Rf3 Be6 41.
Qf6+ 1-0